000 00323nam a2200133Ia 4500
005 20251222155053.0
008 251222s9999||||xx |||||||||||||| ||spa||
082 _aETI.179
100 _aBERMEJO JOSE..
245 0 _aCuidar a las personas mayores dependientes
250 _a1ra. ed.
264 _bSal Terrae
942 _cLIB
999 _c37356
_d37356